000 01657 ad a2200505 a 4500
005 20240613105233.0
008 100806s1984||||ag a f |||| 001 0 spa d
020 _a9509275085
041 _aspa
092 _c616
_l66
_sPER
100 1 _aPérgola, Federico
_eDir.
_9896
245 _aSemiología y fisiopatología.
_bT.1 Aparato Cardiovascular /
_cFederico Pérgola
250 _a1a ed.
260 _aBuenos Aires:
_bEDIMED;
_c1984.
300 _a131 p.
500 _aPérgola, F. y Okner, O. H. (Dirs.). (1984). Semiología y fisiopatología: T.1 Aparato cardiovacular. (1a ed.). Buenos Aires : EDIMED.
653 _aTos
653 _aHemoptisis
653 _aVértigo
653 _aPalpitaciones
653 _aSíncope. Lipotimia
653 _aInspección general del enfermo cardiovascular
653 _aPulso arterial
653 _aPresión arterial
653 _aPulso venoso
653 _aPresión venosa
653 _aExamen físico del corazón
653 _aInsuficiencia cardíaca
653 _aCardiopatía coronaria
653 _aEstenosis mitral
653 _aInsuficiencia mitral
653 _aEstenosis aórtica
653 _aInsuficiencia aórtica
653 _aEstenosis tricuspídea
653 _aInsuficiencia tricuspídea
653 _aEstenosis e insuficiencia pulmonar
653 _aFisiopatología de las cardiopatías congéticas
653 _aFisiopatología de las miocardiopatías
653 _aTromboembolismo pulmonar
653 _aCorazón pulmonar crónico
653 _aTrastornos del ritmo
700 1 _aOkner, Osvaldo H,
_eDir.
_9897
930 _a1094
942 _2ddc
_cBK
999 _c576
_d576